Detalles MARC
| 000 -LIDER |
| fixed length control field |
01221nam a22003497a 4500 |
| 003 - IDENTIFICACDOR DE NÚMERO DE CONTROL |
| control field |
DO-SdBNP |
| 005 - DATE AND TIME OF LATEST TRANSACTION |
| control field |
20240425111523.0 |
| 007 - CAMPOS FIJOS DE DESCRIPCIÓN FÍSICA |
| fixed length control field |
|
| 008 - ELEMENTOS DE LONGITUD FIJA |
| fixed length control field |
151111b2005 xx |||| 00| 0 spa d |
| 020 ## - ISBN |
| International Standard Book Number |
139780060884307 (v.6) |
| 020 ## - ISBN |
| International Standard Book Number |
|
| 040 ## - FUENTE DE CATALOGACIÓN |
| Agencia que crea de manera original el registro |
BPMSU |
| Idioma de catalogación |
spa |
| Agencia que realiza la transcripción |
BPMSU |
| 082 ## - NÚMERO DE CLASIFICACIÓN DECIMAL DE DEWEY |
| Classification number |
891.623 |
| Item number |
L673s 2005 |
| Edition number |
22 |
| 092 ## - LOCALLY ASSIGNED DEWEY DECIMAL CALL NUMBER |
| Número de clasificación |
|
| Número de ítem (Cutter) |
|
| 100 1# - ASIENTO PRINCIPAL -- NOMBRE PERSONAL |
| Nombre personal |
Lewis, Clive Staples, |
| Fechas asociadas con el nombre |
1898-1963. |
| 245 14 - MENCIÓN DE TITULO |
| Título |
Las crónicas de Narnia : |
| Subtítulo |
la silla de plata / |
| Mención de responsabilidad |
C. S. Lewis ; traducción de Gemma Gallart ; ilustraciones de Pauline Baynes. |
| 246 12 - VARIACION DEL TÍTULO |
| Título propiamente dicho o título corto |
La silla de plata |
| 260 ## - PUBLICACIÓN, DISTRIBUCIÓN, ETC. (PIE DE IMPRENTA) |
| Lugar de publicación, distribución, etc |
México : |
| Nombre del editor, distribuidor, etc. |
Editorial Planeta, |
| Fecha de publicación, distribución, etc |
2005 reimp. 2011 |
| -- |
|
| 300 ## - DESCRIPCIÓN FÍSICA |
| Extensión |
297 p. : |
| Otros detalles físicos |
il.; |
| Dimensiones |
21 cm. |
| 500 ## - NOTA GENERAL |
| Nota general |
Recomendado para jóvenes |
| 505 ## - NOTA DE CONTENIDO |
| Texto normalizado de contenido |
v. 5 : La travesía del viajero del alba |
| 534 ## - NOTA SOBRE LA VERSIÓN ORIGINAL |
| Asiento principal del original |
Título original : |
| Mención del título original |
The voyage of the dawn treader . |
| 590 ## - NOTA LOCAL |
| Texto de la nota local |
Inventariado, 2024/VM |
| 650 #4 - ENCABEZAMIENTO DE MATERIA--TEMÁTICO |
| Término temático o nombre geográfico como elemento de entrada |
Novela juvenil irlandesa. |
| 650 #4 - ENCABEZAMIENTO DE MATERIA--TEMÁTICO |
| Término temático o nombre geográfico como elemento de entrada |
Reyes y soberanos |
| Subdivisión de forma |
Novela juvenil. |
| 650 #4 - ENCABEZAMIENTO DE MATERIA--TEMÁTICO |
| Término temático o nombre geográfico como elemento de entrada |
Castillos |
| Subdivisión de forma |
Novela juvenil |
| 700 1# - ASIENTO SECUNDARIO -- NOMBRE PERSONAL |
| Nombre personal |
Baynes, Pauline, |
| Mención de responsabilidad |
ilustraciones |
| 700 1# - ASIENTO SECUNDARIO -- NOMBRE PERSONAL |
| Nombre personal |
Gallart, Gemma, |
| Mención de responsabilidad |
traductor |
| 740 ## - ASIENTO SECUNDARIO DE TÍTULOS RELACIONADOS O ANALÍTICOS NO CONTROLADOS |
| Título analítico o relacionado no controlado |
La travesía del viajero del alba |
| 910 ## - VALIDACIÓN |
| Validación |
VMateo V. Control de calidad. BPMSU |
| 942 ## - ADDED ENTRY ELEMENTS (KOHA) |
| Source of classification or shelving scheme |
Dewey Decimal Classification |
| Koha item type |
Libros |